E-Baca

Bibliographic Details
Format: Book
Published: Selangor : Media Network Sdn.Bhd. , 2008
Subjects:

MARC

LEADER 00000cam a2200000 7i4500
001 0000090447
005 20110307.0
022 0 |a 1823-1950 
090 0 0 |a 649.1   |b EBA 
245 1 0 |a E-Baca 
260 |a Selangor :   |b Media Network Sdn.Bhd. ,   |c 2008 
300 |a 82p. :   |b ill. ;   |c 21cm. 
650 0 0 |a Knowledge   |x Periodicals 
850 |a Library has January-February 2005. September-October 2006. January-December 2007. January-March/May-December 2008. January-December 2009. January-October 2010 
850 |a PKPJ   |b v2013 no1-12 copy1 
850 |a PKPJ   |b v2014 no1-8 copy1 
999 |a 282639/13   |b MAJALAH   |c MAJALAH RUJUKAN   |e PERPUSTAKAAN KOMUNITI PETALING JAYA 
999 |a 282803/14   |b MAJALAH   |c MAJALAH RUJUKAN   |e PERPUSTAKAAN KOMUNITI PETALING JAYA